The heart of Christianity. (Record no. 12670)

000 -LEADER
fixed length control field 00537nam a2200181 a 4500
001 - CONTROL NUMBER
control field :::00010484$&:&@@
003 - CONTROL NUMBER IDENTIFIER
control field OkBaRHE
005 - DATE AND TIME OF LATEST TRANSACTION
control field 20000607103359.0
008 - FIXED-LENGTH DATA ELEMENTS--GENERAL INFORMATION
fixed length control field s1907 j 000 0 eng u
040 ## - CATALOGING SOURCE
Transcribing agency
100 1# - MAIN ENTRY--PERSONAL NAME
Personal name Linscott, T. S.
245 14 - TITLE STATEMENT
Title The heart of Christianity.
260 ## - PUBLICATION, DISTRIBUTION, ETC. (IMPRINT)
Place of publication, distribution, etc Philadelphia, PA., :
Name of publisher, distributor, etc Bradley-Garretson Co.
Date of publication, distribution, etc 1907
300 ## - PHYSICAL DESCRIPTION
Extent 319 p. ;
Dimensions 20 cm.
650 ## - SUBJECT ADDED ENTRY--TOPICAL TERM
Topical term or geographic name as entry element Christian Life
942 ## - ADDED ENTRY ELEMENTS (KOHA)
Source of classification or shelving scheme
Koha item type Books
Copies
Withdrawn status Date last seen Barcode Price effective from Damaged status Shelving location Full call number Permanent Location Copy number Date acquired Not for loan Source of classification or shelving scheme Koha item type Lost status
 2010-04-14104842010-04-14 General StacksBV 4501 .L5RHEMA Bible Training College12010-04-14  Books